Econometric models and economic forecasts

Saved in:
Bibliographic Details
Main Author: Pindyck, Robert S.
Other Authors: Rubinfeld, Daniel L.
Format: Book
Language:English
Published: Boston Irwin/McGraw-Hill 1998
Edition:4th ed.
Subjects:
Tags: Add Tag
No Tags, Be the first to tag this record!

MARC

LEADER 00000nam$a2200000$$$4500
001 0010983
005 20240111125445.0
020 |a 0-07-118831-2 
041 0 |a eng 
044 |a US 
245 1 0 |a Econometric models and economic forecasts  |c Robert S. Pindyck, Daniel L. Rubinfeld 
250 |a 4th ed. 
264 1 |a Boston  |b Irwin/McGraw-Hill  |c 1998 
300 |a xx, 634 s. 
610 2 0 |a ekonometria 
610 2 0 |a modely ekonometrické 
610 2 0 |a modely prognostické ekonometrické 
610 2 0 |a analýza regresná 
610 2 0 |a modely regresné 
610 2 0 |a modelovanie ekonometrické 
610 2 0 |a modely viacrovnicové 
610 2 0 |a modely simulačné 
610 2 0 |a analýza radov časových 
610 2 0 |a rady časové 
100 1 |a Pindyck, Robert S. 
700 1 |a Rubinfeld, Daniel L.